1359 1800 1704 1484 1849 1622 1930 1157 1662 1739 1610 1536 1873 1422 1858 1086 1339 1746 1641 1469 1361 1216 1508 1638 1291 1754 1060 1337 1781 1582 1631 1856 1555 1012 1832 1686 1571 1484 1276 1248 1498 1469 1293 1491 1565 1713 1742 1165 1169 1492 1658 1193 1080 1308 1799 1924 1560 1855 1198 1927 1418 1960 1207 1455 1302 1378 1125 1190 1248 1563 1055 1344 1879 1468 1543 1841 1033 1120 1926 1619 1523 1189 1568 1855 1877 1864 1904 1547 1405 1860 1409 1910 1502 1685 1605 1656 1300 1777 1223 BCNSPRNW ULIB Ver.6.0+V

เปลี่ยนเป็นภาษาไทย

Change to English
 แสดงรายละเอียดบรรณานุกรม
  กลับหน้าหลัก

Brief Record : Get Marc (ISO 2709) : E-mail record : QR code < ปิดหน้าต่าง
LEADER : 00000nam 2200000uu 4500
001    13399115119
003     ULIB
008    120710s2008||||th 000 0 tha d
020    ^a9780723434900
060    ^aQS17^bJ918H
245    ^ahuman anatomy
260    ^aUSA :^bSaunders/ELSEVIER,^c2008
300    ^a580 pages
650    ^aHuman anatomy
945    ^p0^l0^i15942
999 ^a ใช้งานได้ทุกระบบ
รายการนี้ยังไม่มีแท็ก
คุณยังไม่ได้ล็อกอิน คุณสามารถมีกิจกรรมร่วมกับเว็บไซต์ได้ แต่ต้องล็อกอินก่อน ::
  ล็อกอิน

รายการสื่อสารสนเทศ

ลำดับที่ ประเภท เลขเรียก/บาร์โค้ด สถานที่ สถานะ
- ไม่พบข้อมูล -

รายการใกล้เคียง
    ชื่อเรื่อง [human anatomy]

    หัวเรื่อง [Human anatomy]

BibComment


ยังไม่เคยถูกคอมเมนท์

คอมเมนท์ทรัพยากรรายการนี้
  คอมเมนท์: human anatomy


 Copyright 2026. Bcnsprnw @Library